[Event "49th Bosna it"]
[Site "Sarajevo BIH"]
[Date "2019.04.30"]
[Round "6.8"]
[White "Subelj, Jan"]
[Black "Kanyamarala, Tarun"]
[Result "1-0"]
[WhiteElo "2407"]
[BlackElo "2070"]
[EventDate "2019.04.27"]
[PlyCount "83"]

1.e4 c6 2.d4 d5 3.f3 e6 4.Nc3 Bb4 5.Bf4 Ne7 6.a3 Ba5 7.Qd3 Nd7 8.Ne2 O-O 
9.Bd6 Bc7 10.Bxc7 Qxc7 11.g3 c5 12.exd5 exd5 13.Bg2 Nf6 14.O-O Bf5 15.Qd2 
Rad8 16.Rad1 Nc6 17.dxc5 d4 18.Nb5 Qe5 19.Nbxd4 Qxc5 20.Kh1 Rfe8 21.Qg5 
Nxd4 22.Nxd4 Rxd4 23.b4 Qd6 24.Rxd4 Qxd4 25.Qxf5 Qc3 26.Qd3 Re3 27.Qxc3 
Rxc3 28.f4 b6 29.Rc1 b5 30.Bf1 a6 31.Rd1 Kf8 32.Rd8+ Ke7 33.Ra8 Rxa3 34.
Bxb5 Ra1+ 35.Kg2 Rb1 36.Ra7+ Kf8 37.Bc4 Rxb4 38.Bb3 Ke8 39.Bxf7+ Kf8 40.
Bb3 Rb6 41.Rf7+ Ke8 42.Rxg7 1-0

[Event "49th Bosna it"]
[Site "Sarajevo BIH"]
[Date "2019.04.30"]
[Round "6.10"]
[White "Pastar, Slaven"]
[Black "Burovic, Rijad"]
[Result "0-1"]
[WhiteElo "2295"]
[BlackElo "2393"]
[EventDate "2019.04.27"]
[PlyCount "136"]

1.d4 d6 2.c4 e5 3.d5 f5 4.Nc3 Nf6 5.e3 g6 6.Bd3 Bg7 7.e4 O-O 8.Nge2 Na6 9.
exf5 gxf5 10.Ng3 Ng4 11.Be2 Qh4 12.Bxg4 fxg4 13.Be3 Bh6 14.Qd2 Bxe3 15.
fxe3 Bd7 16.O-O-O Nc5 17.b4 Na4 18.Nce4 a5 19.b5 Qh6 20.Rdf1 Nb6 21.Qe2 
Rxf1+ 22.Rxf1 Rf8 23.Rxf8+ Kxf8 24.Kc2 Kg7 25.Qf1 Qg6 26.Kc3 Qf7 27.Nf6 
Na4+ 28.Kd2 Nc5 29.Nxd7 Qxf1 30.Nxf1 Nxd7 31.e4 Kg6 32.Ke3 Kg5 33.Ng3 Nb6 
34.Kd3 Na4 35.Nf5 Kf6 36.g3 Nc5+ 37.Ke3 Nd7 38.Nh4 Nf8 39.b6 c6 40.dxc6 
bxc6 41.Kd2 Nd7 42.b7 Ke7 43.Nf5+ Kd8 44.b8=Q+ Nxb8 45.Nxd6 Kc7 46.Nf5 Nd7
47.Ng7 Nf6 48.c5 Nxe4+ 49.Ke3 Nf6 50.Nf5 Kd7 51.Nd6 Ke6 52.Nc4 a4 53.Nb2 
a3 54.Nc4 Nd5+ 55.Kd2 Nb4 56.Nxa3 Kd5 57.Kc3 Nxa2+ 58.Kb3 Nc1+ 59.Kb4 Nd3+
60.Kc3 Nxc5 61.Nc4 Ne4+ 62.Kd3 Nf2+ 63.Kc3 Nd1+ 64.Kb3 e4 65.Nb6+ Kd4 66.
Nd7 Nf2 67.Nf6 e3 68.Kc2 Ne4 0-1

[Event "49th Bosna it"]
[Site "Sarajevo BIH"]
[Date "2019.04.30"]
[Round "6.11"]
[White "Hadzovic, Amir"]
[Black "Klasan, Vladimir"]
[Result "0-1"]
[WhiteElo "2258"]
[BlackElo "2366"]
[EventDate "2019.04.27"]
[PlyCount "82"]

1.d4 c5 2.d5 Nf6 3.c4 e6 4.Nc3 exd5 5.cxd5 d6 6.e4 g6 7.Nf3 a6 8.a4 Bg4 9.
h3 Bxf3 10.Qxf3 Bg7 11.Bd3 O-O 12.O-O Nbd7 13.Bc2 Ne8 14.Qe2 Nc7 15.Kh1 
Re8 16.Be3 Rb8 17.a5 b5 18.axb6 Rxb6 19.Bd3 Qe7 20.Na4 Rbb8 21.Qd2 Rb4 22.
Bg5 Qf8 23.f4 Nb5 24.Nc3 c4 25.Bb1 Rxb2 26.Qxb2 Bxc3 27.Qa2 Nc5 28.Bc2 
Bxa1 29.Rxa1 Nc3 30.Qxc4 N3xe4 31.Bxe4 Rxe4 32.Qc3 h6 33.Bf6 Rxf4 34.Qb2 
Nd3 35.Qc3 Nc5 36.Qb2 Kh7 37.Re1 Qc8 38.Qa1 Qf5 39.Bh8 f6 40.Re7+ Kxh8 41.
Qc1 g5 0-1

[Event "49th Bosna it"]
[Site "Sarajevo BIH"]
[Date "2019.04.30"]
[Round "6.12"]
[White "Sutkovic, Damir"]
[Black "Karaoglan, Kivanc"]
[Result "1/2-1/2"]
[WhiteElo "2350"]
[BlackElo "2001"]
[EventDate "2019.04.27"]
[PlyCount "38"]

1.c4 Nf6 2.Nc3 e6 3.Nf3 d5 4.cxd5 exd5 5.d4 c6 6.Bg5 Be7 7.Qc2 O-O 8.e3 
Nbd7 9.Bd3 Re8 10.h3 Nf8 11.O-O-O Ne4 12.Bxe7 Qxe7 13.g4 Nxc3 14.Qxc3 Be6 
15.Kb1 Rec8 16.Rc1 Rc7 17.g5 Rac8 18.Qc5 Qxc5 19.dxc5 Re7 1/2-1/2

[Event "49th Bosna it"]
[Site "Sarajevo BIH"]
[Date "2019.04.30"]
[Round "6.13"]
[White "Jakovljevic, Vlado"]
[Black "Alihodzic, Muzafer"]
[Result "1-0"]
[WhiteElo "2356"]
[BlackElo "2147"]
[EventDate "2019.04.27"]
[PlyCount "59"]

1.Nf3 c6 2.d4 d5 3.c4 Nf6 4.Nc3 e6 5.e3 Nbd7 6.Bd3 dxc4 7.Bxc4 b5 8.Bd3 
Bb7 9.O-O Be7 10.e4 a6 11.e5 Nd5 12.Nxd5 cxd5 13.Be3 Nb6 14.b3 Rc8 15.Rc1 
h6 16.Ne1 g6 17.Qd2 h5 18.Nf3 Nd7 19.Ng5 Nf8 20.Rxc8 Bxc8 21.Rc1 Bd7 22.
Rc2 h4 23.h3 Rh5 24.Nf3 f6 25.exf6 Bxf6 26.Bf4 Qb6 27.Be5 Be7 28.Qf4 b4 
29.Qg4 Kf7 30.Bxg6+ 1-0

[Event "49th Bosna it"]
[Site "Sarajevo BIH"]
[Date "2019.04.30"]
[Round "6.14"]
[White "Jerkovic, Maroje"]
[Black "Bistric, Faruk"]
[Result "0-1"]
[WhiteElo "2145"]
[BlackElo "2347"]
[EventDate "2019.04.27"]
[PlyCount "120"]

1.e4 e6 2.d4 c5 3.c3 Qc7 4.Nf3 d6 5.Bd3 Nd7 6.O-O Ne7 7.Re1 b6 8.Na3 a6 9.
Bf4 e5 10.Bg3 Bb7 11.dxe5 dxe5 12.Nc4 f6 13.a4 O-O-O 14.b4 Kb8 15.Qb3 g6 
16.Red1 Bh6 17.Bc2 Nc8 18.Rab1 Rhe8 19.Ne1 Bf4 20.f3 Bxg3 21.hxg3 cxb4 22.
Qxb4 a5 23.Qb5 Ka7 24.Na3 Qc5+ 25.Kh2 Qxb5 26.Nxb5+ Kb8 27.Nd3 Ba6 28.c4 
Bxb5 29.cxb5 Nc5 30.Nxc5 bxc5 31.Bb3 Nb6 32.Rdc1 Rc8 33.Rd1 c4 34.Rd6 Kc7 
35.Rc6+ Kb7 36.Rxc8 Rxc8 37.Bc2 Rd8 38.Rc1 Rd4 39.Kg1 Kc7 40.Kf2 Kd6 41.
Ke3 Kc5 42.g4 Kb4 43.f4 g5 44.g3 Ka3 45.Rb1 Ka2 46.fxe5 fxe5 47.Rd1 Kb2 
48.Rxd4 exd4+ 49.Kxd4 Kxc2 50.e5 c3 51.e6 Kb3 52.e7 c2 53.e8=Q c1=Q 54.Qc6
Qc4+ 55.Ke5 Nxa4 56.Kf6 Nc3 57.Kxg5 Qxb5+ 58.Qxb5+ Nxb5 59.Kh6 Nd4 60.Kxh7
Nf3 0-1

[Event "49th Bosna it"]
[Site "Sarajevo BIH"]
[Date "2019.04.30"]
[Round "6.15"]
[White "Bilic, Vladimir"]
[Black "Bucan, Eldin"]
[Result "1-0"]
[WhiteElo "2343"]
[BlackElo "2135"]
[EventDate "2019.04.27"]
[PlyCount "81"]

1.e4 c5 2.Nf3 Nc6 3.d4 cxd4 4.Nxd4 Nf6 5.Nc3 e5 6.Ndb5 d6 7.a4 Be7 8.Bg5 
Be6 9.Bxf6 gxf6 10.Nd5 Bxd5 11.exd5 Nb8 12.Bd3 Nd7 13.O-O a6 14.Na3 Nf8 
15.Nc4 Ng6 16.Ne3 Qc7 17.Ra3 Bd8 18.g3 Ne7 19.Qf3 Qd7 20.Qxf6 O-O 21.Bf5 
Nxf5 22.Qxf5 Qxf5 23.Nxf5 Rc8 24.c3 Rc5 25.Rd1 Bc7 26.Kg2 Bb8 27.Rb3 b5 
28.axb5 axb5 29.Ra1 h5 30.Ra5 Kh7 31.Raxb5 Rcc8 32.Ne7 Rce8 33.Nc6 Bc7 34.
Rb7 Bd8 35.Rd7 Bg5 36.Rbb7 Kg7 37.Rxd6 e4 38.Re6 Rxe6 39.dxe6 Kf6 40.e7 
Re8 41.Rd7 1-0

[Event "49th Bosna it"]
[Site "Sarajevo BIH"]
[Date "2019.04.30"]
[Round "6.16"]
[White "Marn, Jan"]
[Black "Obad, Andrija"]
[Result "1-0"]
[WhiteElo "2150"]
[BlackElo "2319"]
[EventDate "2019.04.27"]
[PlyCount "89"]

1.d4 Nf6 2.c4 c5 3.d5 e5 4.Nc3 d6 5.e4 Nbd7 6.Bd3 Be7 7.h3 a6 8.a4 O-O 9.
g4 Ne8 10.Nf3 Ndf6 11.Qc2 Kh8 12.Be3 g6 13.O-O-O Bd7 14.Nd2 Ng8 15.f4 exf4
16.Bxf4 Bg5 17.Bg3 b5 18.cxb5 axb5 19.Bxb5 Bxb5 20.Nxb5 Ngf6 21.Kb1 Bxd2 
22.Rxd2 Qa5 23.Nc3 Nd7 24.Rf1 Nb6 25.Rdf2 Kg8 26.e5 dxe5 27.Bxe5 Nc4 28.
Qe2 Ned6 29.Bxd6 Nxd6 30.Qe7 Rab8 31.Kc1 Rbd8 32.Ne4 Nxe4 33.Qxe4 Rde8 34.
Qc4 Re1+ 35.Kc2 Rfe8 36.Rxf7 R1e2+ 37.Kb1 Qd2 38.Rb7 Re1+ 39.Rxe1 Qxe1+ 
40.Ka2 Qe4 41.Qxe4 Rxe4 42.Kb3 Re3+ 43.Kc4 Re4+ 44.Kxc5 Rxa4 45.d6 1-0

[Event "49th Bosna it"]
[Site "Sarajevo BIH"]
[Date "2019.04.30"]
[Round "6.17"]
[White "Trkulja, Goran"]
[Black "Strinic, Halid"]
[Result "1-0"]
[WhiteElo "2309"]
[BlackElo "2124"]
[EventDate "2019.04.27"]
[PlyCount "92"]

1.e4 e5 2.Bc4 Nc6 3.Nf3 Be7 4.d4 d6 5.h3 Nf6 6.Nc3 O-O 7.d5 Nb8 8.Be3 c6 
9.Nd2 b5 10.Bb3 b4 11.Ne2 cxd5 12.exd5 Bb7 13.c4 a5 14.O-O Nfd7 15.g4 Na6 
16.Ng3 g6 17.Bc2 Nac5 18.Bh6 Re8 19.Nde4 Ba6 20.b3 Nxe4 21.Nxe4 Nf6 22.Ng3
Nd7 23.Qd2 Nc5 24.Rae1 Bf6 25.Ne4 Nxe4 26.Bxe4 Ra7 27.Be3 Rd7 28.Kh2 Bg7 
29.Rg1 Rf8 30.c5 f5 31.Bg5 Qe8 32.c6 Rdf7 33.gxf5 gxf5 34.Bf3 Rc7 35.Bh6 
f4 36.Bxg7 Rxg7 37.Rxg7+ Kxg7 38.Rg1+ Kh8 39.Bg4 Qe7 40.Qc2 Rg8 41.Be6 
Rxg1 42.Kxg1 Qg7+ 43.Kh2 h5 44.c7 e4 45.c8=Q+ Bxc8 46.Qxc8+ Kh7 1-0

[Event "49th Bosna it"]
[Site "Sarajevo BIH"]
[Date "2019.04.30"]
[Round "6.18"]
[White "Peric, Bernard"]
[Black "Hodzic, Nihad"]
[Result "1/2-1/2"]
[WhiteElo "2128"]
[BlackElo "2296"]
[EventDate "2019.04.27"]
[PlyCount "41"]

1.e4 c5 2.Nf3 d6 3.d4 cxd4 4.Nxd4 Nf6 5.Nc3 a6 6.Be2 e6 7.f4 Be7 8.O-O Qc7
9.Kh1 Nc6 10.Be3 O-O 11.a4 Bd7 12.Bd3 Nxd4 13.Bxd4 e5 14.Be3 Bc6 15.Qf3 
Rac8 16.Rad1 b5 17.axb5 axb5 18.Nd5 Nxd5 19.exd5 Bd7 20.f5 Bf6 21.Qe4 
1/2-1/2

[Event "49th Bosna it"]
[Site "Sarajevo BIH"]
[Date "2019.04.30"]
[Round "6.19"]
[White "Maksimovic, Masa"]
[Black "Kontic, Djordjije"]
[Result "0-1"]
[WhiteElo "2107"]
[BlackElo "2267"]
[EventDate "2019.04.27"]
[PlyCount "72"]

1.e4 c5 2.Nf3 Nc6 3.d4 cxd4 4.Nxd4 e6 5.Nc3 a6 6.Be2 Qc7 7.O-O Nf6 8.Be3 
h5 9.Nxc6 Ng4 10.Bxg4 hxg4 11.g3 Qxc6 12.Qxg4 b5 13.a3 Bb7 14.Bd4 O-O-O 
15.Qe2 f5 16.f3 Rh5 17.Rf2 Bd6 18.e5 Bc5 19.Qe3 Be7 20.Ba7 Rdh8 21.Qb6 f4 
22.Qxc6+ Bxc6 23.gxf4 Bh4 24.Rd2 Bxf3 25.Rf1 Bc6 26.b4 R8h6 27.Rb1 Rg6+ 
28.Kf1 Rg4 29.Be3 Bf3 30.Ra1 Rf5 31.Nd1 g5 32.Bf2 Rgxf4 33.Ne3 Rf7 34.Bxh4
gxh4 35.Ng2 Re4 36.Rf2 h3 0-1

[Event "49th Bosna it"]
[Site "Sarajevo BIH"]
[Date "2019.04.30"]
[Round "6.20"]
[White "Trumic, Enes"]
[Black "Petrovic, Marija"]
[Result "1-0"]
[WhiteElo "2241"]
[BlackElo "2068"]
[EventDate "2019.04.27"]
[PlyCount "147"]

1.d4 d6 2.c4 e5 3.d5 f5 4.Nf3 Nf6 5.Nc3 Be7 6.g3 O-O 7.Bg2 a5 8.O-O h6 9.
Nh4 Qe8 10.f4 e4 11.Bh3 Qh5 12.e3 Na6 13.Qxh5 Nxh5 14.Ng6 Re8 15.Nxe7+ 
Rxe7 16.Rd1 Nf6 17.Nb5 Nc5 18.Bd2 b6 19.Bc3 Kf7 20.Bd4 g6 21.Bxc5 bxc5 22.
a4 h5 23.Bf1 Ba6 24.Be2 Ke8 25.h3 Kd7 26.Kg2 Kc8 27.Ra3 Nd7 28.g4 h4 29.
Kf2 Kb7 30.Rg1 Rf8 31.gxf5 gxf5 32.Nc3 Nb6 33.b3 Rh7 34.Raa1 Ka7 35.Rg5 
Bc8 36.Rag1 Kb7 37.Bh5 Bd7 38.Bg6 Rg7 39.Bh5 Rxg5 40.Rxg5 Rh8 41.Bf7 Rh6 
42.Rg7 Rf6 43.Rh7 Kc8 44.Rh8+ Kb7 45.Be8 Bxe8 46.Rxe8 Rf7 47.Rh8 Nd7 48.
Rxh4 Nf6 49.Rh6 Ng8 50.Rg6 Ne7 51.Rg5 c6 52.h4 Kb6 53.dxc6 Kxc6 54.h5 Kd7 
55.Kg3 Ke6 56.Kh4 Rh7 57.Rg1 Rh8 58.Rd1 Rg8 59.Nb5 Rg2 60.Rxd6+ Kf7 61.Nc7
Rh2+ 62.Kg3 Rxh5 63.Nd5 Ng8 64.Rc6 Rh1 65.Rxc5 Rb1 66.Rb5 Ke6 67.Rb6+ Kd7 
68.Kf2 Rb2+ 69.Ke1 Rh2 70.c5 Rc2 71.Rd6+ Kc8 72.c6 Rc5 73.Kf2 Nh6 74.Ne7+ 
1-0

[Event "49th Bosna it"]
[Site "Sarajevo BIH"]
[Date "2019.04.30"]
[Round "6.22"]
[White "Korjenic, Esef"]
[Black "Sitnic, Adnan"]
[Result "0-1"]
[WhiteElo "1922"]
[BlackElo "2174"]
[EventDate "2019.04.27"]
[PlyCount "68"]

1.e4 Nc6 2.Nf3 d6 3.d4 Nf6 4.Nc3 Bg4 5.Be2 e5 6.d5 Ne7 7.h3 Bd7 8.O-O Ng6 
9.Bg5 Be7 10.Qd2 Nh5 11.Bxe7 Qxe7 12.Bb5 O-O 13.Bxd7 Qxd7 14.Ne2 f5 15.
exf5 Rxf5 16.Nh2 Nhf4 17.Ng3 Rf7 18.c4 Nxg2 19.Ng4 N2f4 20.f3 Nh4 21.Kh1 
h5 22.Nh2 Qxh3 23.Qf2 Raf8 24.Ne4 Nd3 25.Qg1 Rxf3 26.Ng5 Rxf1 27.Rxf1 Rxf1
28.Qxf1 Qxf1+ 29.Nxf1 Nxb2 30.Ne3 g6 31.Ne6 Nf5 32.Nc2 Nxc4 33.Nxc7 a6 34.
Na3 Nxa3 0-1

[Event "49th Bosna it"]
[Site "Sarajevo BIH"]
[Date "2019.04.30"]
[Round "6.23"]
[White "Rasidovic, Sead"]
[Black "Terzic, Ilijas"]
[Result "1/2-1/2"]
[WhiteElo "2225"]
[BlackElo "2104"]
[EventDate "2019.04.27"]
[PlyCount "98"]

1.e4 c5 2.Nc3 e6 3.Nf3 Nf6 4.e5 Nd5 5.Nxd5 exd5 6.d4 Nc6 7.Bd3 cxd4 8.O-O 
Be7 9.a3 d6 10.exd6 Qxd6 11.h3 O-O 12.Re1 Bd7 13.Ng5 h6 14.Nf3 Bf6 15.Bd2 
Rfe8 16.Rxe8+ Rxe8 17.Qf1 a6 18.g3 Ne5 19.Nxe5 Bxe5 20.f4 Bf6 21.a4 Qc7 
22.Kh2 Qc8 23.g4 Qc7 24.Qf3 Qd6 25.b3 g6 26.Kg2 b5 27.a5 Re7 28.Re1 Rxe1 
29.Bxe1 Qc5 30.Qe2 Qe7 31.Qd1 Kg7 32.Bd2 Qd6 33.Qe1 Qe7 34.Qf2 g5 35.fxg5 
hxg5 36.Qf3 Qe5 37.Kf1 Be7 38.Qg2 Bd6 39.Be1 f6 40.Qf3 Be8 41.Qf5 Qxf5+ 
42.Bxf5 Bg6 43.Bxg6 Kxg6 44.Ke2 f5 45.Kd3 Be5 46.Bb4 f4 47.Ke2 Kf6 48.Bc5 
Ke6 49.Kf3 Kf7 1/2-1/2

[Event "49th Bosna it"]
[Site "Sarajevo BIH"]
[Date "2019.04.30"]
[Round "6.24"]
[White "Janjic, Nikola"]
[Black "Tomic, Aleksandar"]
[Result "0-1"]
[WhiteElo "1878"]
[BlackElo "2357"]
[EventDate "2019.04.27"]
[PlyCount "56"]

1.c4 e5 2.Nc3 Nf6 3.g3 d5 4.cxd5 Nxd5 5.Bg2 Ne7 6.Nf3 Nbc6 7.O-O g6 8.b3 
Bg7 9.Bb2 O-O 10.d3 h6 11.Rc1 Kh8 12.d4 exd4 13.Nb5 Nf5 14.e4 dxe3 15.
Bxg7+ Kxg7 16.Qxd8 Rxd8 17.Nxc7 Rb8 18.fxe3 Nxe3 19.Rfe1 Nxg2 20.Kxg2 Bg4 
21.h3 Bxf3+ 22.Kxf3 Rbc8 23.Nb5 Rd3+ 24.Kf2 Rd2+ 25.Ke3 Rcd8 26.Rc3 a6 27.
Na3 Rxa2 28.Nc4 Re8+ 0-1

[Event "49th Bosna it"]
[Site "Sarajevo BIH"]
[Date "2019.04.30"]
[Round "6.25"]
[White "Arapovic, Vitomir"]
[Black "Zenelaj, Samuel"]
[Result "1-0"]
[WhiteElo "2331"]
[BlackElo "1916"]
[EventDate "2019.04.27"]
[PlyCount "63"]

1.e4 e5 2.Nc3 Nf6 3.g3 Bc5 4.Bg2 O-O 5.Nge2 d6 6.O-O Be6 7.Na4 Nc6 8.Nxc5 
dxc5 9.b3 Qd7 10.d3 Nd4 11.Nxd4 Qxd4 12.Rb1 Nd7 13.Bb2 Qd6 14.f4 f6 15.Kh1
Kh8 16.f5 Bg8 17.g4 Rfd8 18.h4 Nf8 19.g5 b5 20.Qg4 a5 21.Bf3 Rd7 22.Rg1 c6
23.Qg3 Re8 24.Rg2 a4 25.Rbg1 b4 26.Bh5 Ree7 27.Bc1 a3 28.gxf6 Qxf6 29.Bg5 
Qd6 30.f6 gxf6 31.Bxf6+ Qxf6 32.Qxg8# 1-0

[Event "49th Bosna it"]
[Site "Sarajevo BIH"]
[Date "2019.04.30"]
[Round "6.26"]
[White "Sajin, Mladen"]
[Black "Galic, Zeljko"]
[Result "1/2-1/2"]
[WhiteElo "1790"]
[BlackElo "2293"]
[EventDate "2019.04.27"]
[PlyCount "61"]

1.e4 c5 2.Nf3 d6 3.d4 cxd4 4.Nxd4 Nf6 5.Nc3 Nc6 6.h3 e5 7.Nde2 Be6 8.g4 d5
9.g5 Nxe4 10.Nxe4 dxe4 11.Qxd8+ Rxd8 12.c3 f5 13.gxf6 gxf6 14.Be3 f5 15.
Bg5 Be7 16.Bxe7 Kxe7 17.Rg1 Rhg8 18.Rxg8 Rxg8 19.Ng3 e3 20.b3 f4 21.Ne4 
Bf5 22.Nc5 b6 23.Nd3 Rg1 24.Ke2 f3+ 25.Kxe3 Bxh3 26.Bxh3 Rxa1 27.Bf5 h5 
28.Be4 Kd6 29.Kxf3 Rxa2 30.Bxc6 Kxc6 31.Nb4+ 1/2-1/2

[Event "49th Bosna it"]
[Site "Sarajevo BIH"]
[Date "2019.04.30"]
[Round "6.28"]
[White "Abdic, Adnan"]
[Black "Nukic, Farik"]
[Result "1-0"]
[WhiteElo "2177"]
[BlackElo "1731"]
[EventDate "2019.04.27"]
[PlyCount "71"]

1.e4 d5 2.Nc3 d4 3.Nce2 c5 4.Ng3 Nc6 5.Bc4 Nf6 6.Nf3 h5 7.Ng5 Ne5 8.Bb5+ 
Bd7 9.Bxd7+ Nexd7 10.d3 h4 11.Ne2 e5 12.b3 Nh7 13.Nxh7 Rxh7 14.f4 f6 15.
Ng1 exf4 16.Bxf4 g5 17.Bd2 Ne5 18.Nf3 Bd6 19.Nxe5 Bxe5 20.Qf3 Qd6 21.Qf5 
Rg7 22.h3 Kd8 23.Ke2 Kc7 24.Raf1 Kc6 25.Qg4 b5 26.Rf5 b4 27.Ra1 Kb5 28.a3 
bxa3 29.Rxa3 a5 30.Ra4 Rh7 31.Bc1 Raa7 32.Ba3 Rhc7 33.Qh5 Re7 34.Rc4 a4 
35.b4 Rac7 36.bxc5 1-0

[Event "49th Bosna it"]
[Site "Sarajevo BIH"]
[Date "2019.04.30"]
[Round "6.29"]
[White "Kanyamarala, Trisha"]
[Black "Radulov, Nevena"]
[Result "1-0"]
[WhiteElo "2028"]
[BlackElo "1704"]
[EventDate "2019.04.27"]
[PlyCount "75"]

1.d4 d6 2.Nf3 Nf6 3.c4 g6 4.g3 Bg7 5.Bg2 O-O 6.O-O c6 7.Nc3 Nbd7 8.Qc2 Qc7
9.Rd1 a6 10.a4 Rb8 11.e4 b5 12.c5 b4 13.Ne2 Re8 14.e5 dxe5 15.dxe5 Nd5 16.
e6 fxe6 17.Ned4 Nf8 18.Qe2 h6 19.Re1 Kh7 20.Qe4 Bd7 21.Bh3 Rbd8 22.Qh4 h5 
23.Ng5+ Kg8 24.Ndxe6 Bxe6 25.Bxe6+ Nxe6 26.Nxe6 Qd7 27.Nxd8 Qxd8 28.Qe4 
Kh7 29.Rb1 a5 30.Bg5 Qc7 31.Qe6 Qb7 32.Re2 b3 33.Rd1 Qc7 34.Rd3 Qb7 35.g4 
hxg4 36.Re4 Bf6 37.Rxg4 Bxg5 38.Qf7+ 1-0

[Event "49th Bosna it"]
[Site "Sarajevo BIH"]
[Date "2019.04.30"]
[Round "6.30"]
[White "Selimovic, Amir"]
[Black "Miftari, Hedon"]
[Result "1-0"]
[WhiteElo "1972"]
[BlackElo "1621"]
[EventDate "2019.04.27"]
[PlyCount "43"]

1.e4 c5 2.c3 Nf6 3.e5 Nd5 4.d4 cxd4 5.cxd4 Nc6 6.Nf3 e6 7.Nc3 Nxc3 8.bxc3 
d6 9.Bf4 dxe5 10.Nxe5 Nxe5 11.Bxe5 f6 12.Bg3 Qa5 13.Qb3 Qd5 14.Bc4 Qxg2 
15.O-O-O Bd7 16.Rhe1 O-O-O 17.Rxe6 Bxe6 18.Bxe6+ Rd7 19.d5 Qe4 20.Bxd7+ 
Kxd7 21.Qxb7+ Ke8 22.Kd2 1-0

[Event "49th Bosna it"]
[Site "Sarajevo BIH"]
[Date "2019.04.30"]
[Round "6.31"]
[White "Muratovic, Efim"]
[Black "Muhibic, Cazim"]
[Result "1-0"]
[WhiteElo "2400"]
[BlackElo "1859"]
[EventDate "2019.04.27"]
[PlyCount "37"]

1.d4 d5 2.c4 c6 3.Nc3 Nf6 4.Nf3 Bf5 5.cxd5 cxd5 6.Qb3 Qb6 7.Nxd5 Nxd5 8.
Qxd5 e6 9.Qb3 Qxb3 10.axb3 Bc2 11.Bd2 Bxb3 12.e4 Bc2 13.Bb5+ Nd7 14.Ne5 
Rd8 15.Nxd7 Rxd7 16.f3 a6 17.Bxd7+ Kxd7 18.Ke2 Bb3 19.Rhc1 1-0

[Event "49th Bosna it"]
[Site "Sarajevo BIH"]
[Date "2019.04.30"]
[Round "6.32"]
[White "Stanivukovic, Drago"]
[Black "Jovovic, Milan"]
[Result "0-1"]
[WhiteElo "1848"]
[BlackElo "2065"]
[EventDate "2019.04.27"]
[PlyCount "130"]

1.d4 Nf6 2.c4 e6 3.Nc3 Bb4 4.f3 c5 5.a3 Bxc3+ 6.bxc3 d6 7.dxc5 dxc5 8.
Qxd8+ Kxd8 9.Bg5 Nd7 10.Rd1 Kc7 11.e4 h6 12.Bf4+ e5 13.Bg3 b6 14.Nh3 Re8 
15.Be2 Nb8 16.Nf2 Nh5 17.Nd3 Nxg3 18.hxg3 Ba6 19.Nf2 Nc6 20.Ng4 Rad8 21.
O-O Rd6 22.Rxd6 Kxd6 23.Rd1+ Ke6 24.Ne3 g6 25.Nd5 Rc8 26.f4 f5 27.exf5+ 
gxf5 28.fxe5 Nxe5 29.Re1 Bb7 30.Nf4+ Kf6 31.Rd1 Ke7 32.Kf2 Rd8 33.Rh1 Rd6 
34.Rh5 Rf6 35.Ke3 Kd6 36.Bd3 Ba6 37.Bxf5 Nxc4+ 38.Kf2 Nxa3 39.Bg6 Nb5 40.
Rxh6 Nxc3 41.Rh7 Nd5 42.Be4 Ne7 43.Ke3 Bc8 44.Rh8 a5 45.Nh5 Rf7 46.Rh6+ 
Kc7 47.Nf6 b5 48.Ne8+ Kd8 49.Nd6 Rg7 50.Nxb5 Rxg3+ 51.Kf4 Rb3 52.Rd6+ Bd7 
53.Na7 Kc7 54.Ra6 a4 55.Ke5 c4 56.Kd4 c3 57.g4 Rb4+ 58.Kxc3 Rxe4 59.g5 Re5
60.g6 Rg5 61.Kb4 Nxg6 62.Rf6 Ne7 63.Rf7 Nd5+ 64.Kc4 Nb6+ 65.Kb4 Kb7 0-1

[Event "49th Bosna it"]
[Site "Sarajevo BIH"]
[Date "2019.04.30"]
[Round "6.33"]
[White "Pestek, Elvis"]
[Black "Colpa, Fahrudin"]
[Result "0-1"]
[WhiteElo "1995"]
[BlackElo "1848"]
[EventDate "2019.04.27"]
[PlyCount "48"]

1.e4 Nc6 2.d4 e5 3.Nf3 exd4 4.Bc4 Nf6 5.e5 d5 6.Bb5 Ng4 7.h3 Nxf2 8.Kxf2 
Bc5 9.Bd3 h6 10.Re1 Be6 11.a3 O-O 12.Kg1 f6 13.b4 Bb6 14.b5 Nxe5 15.Nxe5 
fxe5 16.Rxe5 Qf6 17.Qe2 Rae8 18.Nd2 c5 19.Qe1 c4 20.Bf1 d3+ 21.Kh1 Bd4 22.
Nf3 Bxa1 23.Re3 dxc2 24.Bd2 Bb2 0-1

[Event "49th Bosna it"]
[Site "Sarajevo BIH"]
[Date "2019.04.30"]
[Round "6.34"]
[White "Camdzija, Samir"]
[Black "Kozarcanin, Sead"]
[Result "0-1"]
[WhiteElo "1788"]
[BlackElo "1976"]
[EventDate "2019.04.27"]
[PlyCount "66"]

1.e4 e5 2.Bc4 Bc5 3.Nf3 Nc6 4.c3 Nf6 5.b4 Bb6 6.b5 Na5 7.Nxe5 Nxc4 8.Nxc4 
Nxe4 9.Nxb6 axb6 10.Qe2 O-O 11.O-O d5 12.f3 Nd6 13.Bb2 Re8 14.Qf2 Nxb5 15.
d3 Nd6 16.Nd2 Bf5 17.Qd4 Nb5 18.Qf4 Bxd3 19.Rfd1 Qd6 20.Qg4 Qg6 21.Qf4 Re2
22.g4 Qd6 23.Qxd6 Nxd6 24.Nb3 Bc4 25.Rd2 Rae8 26.Rad1 Re1+ 27.Rxe1 Rxe1+ 
28.Kf2 Re8 29.h4 f5 30.Bc1 fxg4 31.Nd4 c5 32.Ne2 Rf8 33.Ng1 Ne4+ 0-1

[Event "49th Bosna it"]
[Site "Sarajevo BIH"]
[Date "2019.04.30"]
[Round "6.35"]
[White "Sabic, Muris"]
[Black "Savanovic, Maksim"]
[Result "1/2-1/2"]
[WhiteElo "1963"]
[BlackElo "1846"]
[EventDate "2019.04.27"]
[PlyCount "42"]

1.e4 c6 2.d4 d5 3.exd5 cxd5 4.Bd3 Nf6 5.c3 Nc6 6.Bf4 Bg4 7.Ne2 e6 8.h3 Bh5
9.O-O Bd6 10.Bxd6 Qxd6 11.Nd2 Bg6 12.Nf3 O-O 13.Re1 Rfc8 14.Bxg6 hxg6 15.
Ng3 Rab8 16.Ne5 b5 17.Nxc6 Rxc6 18.a3 a5 19.Re3 b4 20.axb4 axb4 21.Ne2 
bxc3 1/2-1/2

[Event "49th Bosna it"]
[Site "Sarajevo BIH"]
[Date "2019.04.30"]
[Round "6.36"]
[White "Zenelaj, Fisnik"]
[Black "Lubura, Zoran"]
[Result "1-0"]
[WhiteElo "1933"]
[BlackElo "1798"]
[EventDate "2019.04.27"]
[PlyCount "109"]

1.e4 c5 2.Nc3 d6 3.g3 Nc6 4.Bg2 Nf6 5.d3 g6 6.Nge2 Bg7 7.O-O O-O 8.h3 a6 
9.Be3 Qc7 10.Qd2 b5 11.a3 Rb8 12.Nf4 b4 13.Ncd5 Nxd5 14.Nxd5 Qd7 15.axb4 
e6 16.Nc3 Nxb4 17.Na4 Nc6 18.c3 a5 19.f4 Ba6 20.g4 Bb5 21.Qc2 Rfc8 22.b3 
h6 23.Rf2 Nd4 24.Bxd4 cxd4 25.c4 Bxa4 26.Rxa4 Qc7 27.Qa2 Qb6 28.Rb2 e5 29.
f5 g5 30.Qa3 Bf8 31.Qa1 Rc5 32.Qe1 Qc7 33.Bf3 Be7 34.Bd1 Bd8 35.Rba2 Qd7 
36.Rf2 f6 37.Rh2 Rcc8 38.h4 Rb7 39.hxg5 hxg5 40.Rh6 Qe8 41.Kg2 Rh7 42.Qh1 
Rxh6 43.Qxh6 Qf7 44.Qh3 Rb8 45.Bc2 Rb7 46.Ra1 Qh7 47.Qg3 Qh4 48.Qxh4 gxh4 
49.Kh3 Rh7 50.b4 axb4 51.Ra8 Rd7 52.Ba4 Rb7 53.Rxd8+ Kf7 54.Bb3 Ke7 55.Rh8
1-0

[Event "49th Bosna it"]
[Site "Sarajevo BIH"]
[Date "2019.04.30"]
[Round "6.37"]
[White "Dedic, Nedzad"]
[Black "Haskovic, Salih"]
[Result "1-0"]
[WhiteElo "1932"]
[BlackElo "1790"]
[EventDate "2019.04.27"]
[PlyCount "145"]

1.e4 e5 2.Bc4 Nc6 3.Nc3 Bc5 4.d3 Nf6 5.a3 h6 6.h3 a6 7.Nf3 d6 8.Ne2 Qe7 9.
Be3 Bxe3 10.fxe3 Be6 11.Ba2 Bxa2 12.Rxa2 d5 13.exd5 Nxd5 14.e4 Nf6 15.Ng3 
g6 16.O-O O-O 17.Qd2 Kh7 18.Qf2 Ng8 19.Nd2 Rad8 20.Nc4 Qe6 21.Raa1 f6 22.
Ne3 Nce7 23.Qe2 Kg7 24.Rf2 Rf7 25.Raf1 Rdf8 26.Qd2 Rd8 27.Qb4 b6 28.Qc3 
Rc8 29.b3 Rff8 30.Ne2 c5 31.a4 Rfd8 32.g4 Rf8 33.Ng3 b5 34.axb5 axb5 35.
Ra1 b4 36.Qc4 Qxc4 37.Nxc4 Ra8 38.Rff1 Nc6 39.Ne2 Nge7 40.Nb6 Rad8 41.Ra6 
Rfe8 42.Kf2 Rh8 43.Na4 Ra8 44.Rxa8 Rxa8 45.Nxc5 Ra2 46.Rc1 Ra5 47.Nb7 Ra7 
48.Nd6 Ra8 49.Ke3 Rd8 50.Nc4 g5 51.Ra1 Kg6 52.Ra6 h5 53.Na5 Nxa5 54.Rxa5 
hxg4 55.hxg4 Rc8 56.Ra7 Nc6 57.Rb7 Rh8 58.Rc7 Nd8 59.Ng3 Ne6 60.Re7 Nd4 
61.Nf5 Rh3+ 62.Kf2 Nxf5 63.exf5+ Kh6 64.Rf7 Rh2+ 65.Ke3 Rxc2 66.Rxf6+ Kh7 
67.Rg6 Rc3 68.Rxg5 Rxb3 69.f6 Rb1 70.Rg7+ Kh8 71.Kd2 Rb2+ 72.Kc1 Rf2 73.g5
1-0

[Event "49th Bosna it"]
[Site "Sarajevo BIH"]
[Date "2019.04.30"]
[Round "6.38"]
[White "Lapo, Safet"]
[Black "Kajevic, Dzevad"]
[Result "0-1"]
[WhiteElo "1770"]
[BlackElo "1925"]
[EventDate "2019.04.27"]
[PlyCount "114"]

1.d4 Nf6 2.Bf4 d5 3.e3 c5 4.c3 Nc6 5.Nf3 Bg4 6.Nbd2 e6 7.Bb5 Qb6 8.Qa4 
Bxf3 9.Nxf3 Nd7 10.O-O f6 11.Rab1 Be7 12.Rfe1 g5 13.Bg3 g4 14.Bxc6 Qxc6 
15.Qxc6 bxc6 16.Nd2 f5 17.c4 Kf7 18.Bf4 h5 19.f3 Bf6 20.Nb3 gxf3 21.gxf3 
cxd4 22.cxd5 cxd5 23.exd4 Rac8 24.Rbc1 Rc4 25.Be3 Rhc8 26.Rxc4 Rxc4 27.Rc1
Nb6 28.Rxc4 Nxc4 29.Bc1 a5 30.a4 Nb6 31.f4 Nxa4 32.Kf2 Nb6 33.Ke3 Nc4+ 34.
Kd3 Be7 35.Nc5 Bxc5 36.dxc5 a4 37.Kc3 Na5 38.Kb4 Nb3 39.Kb5 Ke7 40.Kb6 Kd8
41.Be3 d4 42.Bf2 Kc8 43.Kb5 d3 44.Be3 d2 45.Bxd2 Nxd2 46.Kxa4 Kc7 47.Kb5 
Nf3 48.Ka6 Kc6 49.b4 Nd4 50.Ka5 h4 51.Ka4 h3 52.Ka5 e5 53.fxe5 f4 54.Ka6 
f3 55.e6 Nxe6 56.b5+ Kxc5 57.b6 Nd8 0-1

[Event "49th Bosna it"]
[Site "Sarajevo BIH"]
[Date "2019.04.30"]
[Round "6.39"]
[White "Vujicic, Dragisa"]
[Black "Manic, Mujo"]
[Result "1/2-1/2"]
[WhiteElo "1922"]
[BlackElo "1754"]
[EventDate "2019.04.27"]
[PlyCount "54"]

1.Nf3 Nf6 2.c4 c5 3.g3 Nc6 4.Bg2 g6 5.O-O Bg7 6.d4 cxd4 7.Nxd4 O-O 8.Nxc6 
dxc6 9.Nc3 Qa5 10.Bd2 Qb4 11.Qb3 Qxb3 12.axb3 Rd8 13.Be3 a6 14.h3 Bf5 15.
Rac1 h5 16.f3 b5 17.g4 Be6 18.g5 Ne8 19.cxb5 axb5 20.b4 Nd6 21.Bc5 Nc4 22.
Bxe7 Rd7 23.Bf6 Bf8 24.Ne4 Bxb4 25.Bc3 Be7 26.Nf6+ Bxf6 27.Bxf6 Ne3 
1/2-1/2